000 00435nam a2200181Ia 4500
001 23348
005 20260414150931.0
008 260414t2014||||xx |||||||||||||| ||spa||
041 _aESP
082 _a629.89
_bO74
100 _aOrtiz Sausor, Sergio
_eAUT
245 0 _aSistemas secuenciales programables
_b
260 _c2014
300 _a285 páginas :
_c28 cm.
650 _aCNM
654 _aCCN
942 _cLIB
_dJUS
_fJUS
_2ddc
_n
999 _c23348
_d23348